logo

Bir Sreshtho Munshi Abdur Rouf Library
Jhenaidah Cadet College

Twentieth century French prose / (Record no. 9040)

MARC details
000 -LEADER
fixed length control field 00636nam a22002172 4500
001 - CONTROL NUMBER
JCCL Control Number 9040
003 - CONTROL NUMBER IDENTIFIER
JCCL marc code BD - JhCC
005 - DATE AND TIME OF LATEST TRANSACTION
control field 20180314175833.0
008 - FIXED-LENGTH DATA ELEMENTS--GENERAL INFORMATION
fixed length control field 860403s1930 enk 000 0 fre d
035 ## - SYSTEM CONTROL NUMBER
system control number (BD - JhCC)9040
040 ## - CATALOGING SOURCE
Original cataloging agency NCU
Transcribing agency NCU
Modifying agency EQO
-- BD - JhCC
041 ## - LANGUAGE CODE
Language code of Book eng
082 ## - DEWEY DECIMAL CLASSIFICATION NUMBER
Author mark and Year ROE 1930
Classification number 840.8
100 1# - MAIN ENTRY--PERSONAL NAME
Personal name Roe, Frederick Charles,
Dates associated with a name 1894-
245 10 - TITLE STATEMENT
Title Twentieth century French prose /
Statement of responsibility, etc edited by Frederick C. Roe.
260 ## - PUBLICATION, DISTRIBUTION, ETC. (IMPRINT)
Place of publication, distribution, etc London ;
-- New York :
Name of publisher, distributor, etc Longmans, Green and co.,
Date of publication, distribution, etc 1930.
300 ## - PHYSICAL DESCRIPTION
Pagination xvii, 19-143 p. ;
Dimensions 20 cm.
650 #0 - SUBJECT ADDED ENTRY--TOPICAL TERM
Topical term or geographic name as entry element French prose literature
General subdivision Collections.
942 ## - ADDED ENTRY ELEMENTS (KOHA)
Source of classification or shelving scheme Dewey Decimal Classification
Koha item type Books
Holdings
Source of classification or shelving scheme Damaged status Not for loan Home library Current library Shelving location Total Checkouts Full call number Barcode Date last seen Copy number Koha item type
Dewey Decimal Classification     JCC Rouf Library JCC Rouf Library General Stacks   840.8 ROE 1930 11998 03/07/2018 C - 1 Books

JCC Library | Contacts | JCC Home

Last Update on 23 September 2017
Copyright @ 2017-2020 JCC Rouf Library
Rouf Library, Jhenidah Cadet College (JCC), Bangladesh